• 首页
  • 本馆介绍
  • 公告通知
  • 最新文献
  • 馆藏检索
  • 电子资源
  • 读者导购
  • 参考咨询
  • 我的图书馆
  • 登录
  • 详细信息显示
  • 放入我的书架
  • 预约/预借图书
  • 作者相关作品
  • 分类相关作品
  • 丛书相关作品
  • 出版社相关作品

书目信息

  • 表格格式
  • 工作单格式
  • 卡片格式
题名:
音乐剧音乐创作与研究
    
 
作者: 傅显舟 著
分册:  
出版信息: 北京   中央音乐学院出版社  2010.11
页数: 313页
开本: 21cm
丛书名:
单 册:
中图分类: J832
科图分类:
主题词: 音乐剧--音乐创作--研究 , 音乐剧 , 音乐创作
电子资源:
ISBN: 978-7-81096-370-1
000 00836nam0 2200253 450
001 010050010764
005 20120321104459.07
010    @a978-7-81096-370-1@dCNY25.00
100    @a20110512d2010 em y0chiy50 ea
101 0  @achi
102    @aCN@b110000
105    @aag z 000yy
106    @ar
200 1  @a音乐剧音乐创作与研究@9yin yue ju yin yue chuang zuo yu yan jiu@f傅显舟著
210    @a北京@c中央音乐学院出版社@d2010.11
215    @a313页@c照片@d21cm
330    @a本书分为三篇:四部西方音乐剧研究;三部国产音乐剧歌曲分析;音乐剧音乐创作模式研究,内容包括:《演艺船》与《老人河》;四毛英雄传分析等。
606 0  @a音乐剧@x音乐创作@x研究
606 0  @a音乐剧
606 0  @a音乐创作
690    @aJ832@v4
701  0 @a傅显舟@9fu xian zhou@f(1956-)@4著
801  0 @aCN@bRENTIAN@c20110512
905    @b539032-38@dJ832@e118@f7
    
    音乐剧音乐创作与研究/傅显舟著.-北京:中央音乐学院出版社,2010.11
    313页:照片;21cm
    
    
    ISBN 978-7-81096-370-1:CNY25.00
    本书分为三篇:四部西方音乐剧研究;三部国产音乐剧歌曲分析;音乐剧音乐创作模式研究,内容包括:《演艺船》与《老人河》;四毛英雄传分析等。
●
相关链接 在E读中查询图书 在五车中查询图书 在当当中查询图书 在豆瓣中查询图书


正题名:音乐剧音乐创作与研究     索取号:J832/118         预约/预借

序号 登录号 条形码 馆藏地/架位号 状态 备注
1 539032   205390325   第一样本阅览室/ [索取号:J832/118] 在馆    
2 539033   205390334   第一借阅区/ [索取号:J832/118] 在馆    
3 539034   205390343   第一借阅区/ [索取号:J832/118] 在馆    
4 539035   205390352   第一借阅区/ [索取号:J832/118] 在馆    
5 539036   205390361   第一借阅区/ [索取号:J832/118] 在馆    
6 539037   205390370   第一借阅区/ [索取号:J832/118] 在馆    
7 539038   205390389   第一借阅区/ [索取号:J832/118] 在馆    
唐山师范学院图书馆 欢迎您!
大连网信软件有限公司© 版权所有